<?xml version="1.0" encoding="UTF-8"?>
<collection xmlns="http://www.loc.gov/MARC21/slim">
<record>
  <controlfield tag="001">158248</controlfield>
  <controlfield tag="005">20250520134311.0</controlfield>
  <datafield tag="037" ind1=" " ind2=" ">
    <subfield code="a">GDOC-2024-28554</subfield>
  </datafield>
  <datafield tag="970" ind1=" " ind2=" ">
    <subfield code="a">GDOC-2024-28554</subfield>
  </datafield>
  <datafield tag="041" ind1=" " ind2=" ">
    <subfield code="a">spa</subfield>
  </datafield>
  <datafield tag="041" ind1=" " ind2=" ">
    <subfield code="a">eng</subfield>
  </datafield>
  <datafield tag="540" ind1=" " ind2=" ">
    <subfield code="a">by-nc-sa</subfield>
    <subfield code="b">Creative Commons</subfield>
    <subfield code="c">3.0</subfield>
    <subfield code="u">http://creativecommons.org/licenses/by-nc-sa/3.0/</subfield>
  </datafield>
  <datafield tag="260" ind1=" " ind2=" ">
    <subfield code="a">Zaragoza</subfield>
    <subfield code="b">Universidad de Zaragoza</subfield>
    <subfield code="c">2024-2025</subfield>
  </datafield>
  <datafield tag="245" ind1="0" ind2="0">
    <subfield code="9">28554</subfield>
    <subfield code="a">Trabajo fin de Grado</subfield>
  </datafield>
  <datafield tag="242" ind1="0" ind2="0">
    <subfield code="9">28554</subfield>
    <subfield code="a">Undergraduate Dissertation</subfield>
  </datafield>
  <datafield tag="100" ind1=" " ind2=" ">
    <subfield code="0">(orcid)0000-0002-9553-5504</subfield>
    <subfield code="a">Alberto Javier Angulo, Cascán</subfield>
    <subfield code="1">144956</subfield>
  </datafield>
  <datafield tag="700" ind1=" " ind2=" ">
    <subfield code="0">(orcid)0000-0003-2772-0254</subfield>
    <subfield code="a">Fernando Arbués, Gracia</subfield>
    <subfield code="1">128656</subfield>
  </datafield>
  <datafield tag="700" ind1=" " ind2=" ">
    <subfield code="0">(orcid)0000-0002-4497-7871</subfield>
    <subfield code="a">Ana Cristina Arbués, Dieste</subfield>
    <subfield code="1">315659</subfield>
  </datafield>
  <datafield tag="700" ind1=" " ind2=" ">
    <subfield code="0">(orcid)0000-0002-3350-4673</subfield>
    <subfield code="a">José Luis Argudo, Périz</subfield>
    <subfield code="1">384125</subfield>
  </datafield>
  <datafield tag="700" ind1=" " ind2=" ">
    <subfield code="0">(orcid)0000-0002-4252-115X</subfield>
    <subfield code="a">Ángela Cristina Asensio, Martínez</subfield>
    <subfield code="1">512398</subfield>
  </datafield>
  <datafield tag="700" ind1=" " ind2=" ">
    <subfield code="0">(orcid)0000-0002-1266-7465</subfield>
    <subfield code="a">Nuria Julia Ayerra, Duesca</subfield>
    <subfield code="1">333377</subfield>
  </datafield>
  <datafield tag="700" ind1=" " ind2=" ">
    <subfield code="0">(orcid)0000-0002-5757-3681</subfield>
    <subfield code="a">Juan Luis Azkue, Beteta</subfield>
    <subfield code="1">585811</subfield>
  </datafield>
  <datafield tag="700" ind1=" " ind2=" ">
    <subfield code="0">(orcid)0000-0002-7716-0593</subfield>
    <subfield code="a">Luis Carlos Bandrés, Oróñez</subfield>
    <subfield code="1">144941</subfield>
  </datafield>
  <datafield tag="700" ind1=" " ind2=" ">
    <subfield code="0">(orcid)0000-0002-3115-0197</subfield>
    <subfield code="a">María Carmen Bericat, Alastuey</subfield>
    <subfield code="1">384423</subfield>
  </datafield>
  <datafield tag="700" ind1=" " ind2=" ">
    <subfield code="a">Santiago José Bernad, Pérez</subfield>
    <subfield code="1">306646</subfield>
  </datafield>
  <datafield tag="700" ind1=" " ind2=" ">
    <subfield code="0">(orcid)0000-0002-3606-0510</subfield>
    <subfield code="a">César Javier Casado, Escós</subfield>
    <subfield code="1">384071</subfield>
  </datafield>
  <datafield tag="700" ind1=" " ind2=" ">
    <subfield code="0">(orcid)0000-0002-8077-5919</subfield>
    <subfield code="a">Ángela Castillo, Murciego</subfield>
    <subfield code="1">552712</subfield>
  </datafield>
  <datafield tag="700" ind1=" " ind2=" ">
    <subfield code="0">(orcid)0000-0003-3859-0248</subfield>
    <subfield code="a">Jorge Castillo, Mateo</subfield>
    <subfield code="1">720193</subfield>
  </datafield>
  <datafield tag="700" ind1=" " ind2=" ">
    <subfield code="a">María Cristina Charlez, Arán</subfield>
    <subfield code="1">316663</subfield>
  </datafield>
  <datafield tag="700" ind1=" " ind2=" ">
    <subfield code="0">(orcid)0000-0001-6806-5853</subfield>
    <subfield code="a">María Pilar Erdozaín, Azpilicueta</subfield>
    <subfield code="1">130437</subfield>
  </datafield>
  <datafield tag="700" ind1=" " ind2=" ">
    <subfield code="0">(orcid)0000-0001-9577-4356</subfield>
    <subfield code="a">Jesús Manuel Ezpeleta, Tarin</subfield>
    <subfield code="1">556652</subfield>
  </datafield>
  <datafield tag="700" ind1=" " ind2=" ">
    <subfield code="0">(orcid)0000-0002-9645-8109</subfield>
    <subfield code="a">Elena Fernández, del Río</subfield>
    <subfield code="1">391158</subfield>
  </datafield>
  <datafield tag="700" ind1=" " ind2=" ">
    <subfield code="0">(orcid)0000-0003-2562-8075</subfield>
    <subfield code="a">Roberto Luis Ferrer, Serrano</subfield>
    <subfield code="1">117300</subfield>
  </datafield>
  <datafield tag="700" ind1=" " ind2=" ">
    <subfield code="0">(orcid)0000-0001-7852-9973</subfield>
    <subfield code="a">José Ramón García, Aranda</subfield>
    <subfield code="1">323090</subfield>
  </datafield>
  <datafield tag="700" ind1=" " ind2=" ">
    <subfield code="0">(orcid)0000-0003-3651-2879</subfield>
    <subfield code="a">Esperanza García, Uceda</subfield>
    <subfield code="1">480357</subfield>
  </datafield>
  <datafield tag="700" ind1=" " ind2=" ">
    <subfield code="0">(orcid)0000-0002-0445-2958</subfield>
    <subfield code="a">Rafael García-Foncillas, López</subfield>
    <subfield code="1">325488</subfield>
  </datafield>
  <datafield tag="700" ind1=" " ind2=" ">
    <subfield code="0">(orcid)0000-0003-2461-8588</subfield>
    <subfield code="a">Zeus Gracia, Tabuenca</subfield>
    <subfield code="1">534382</subfield>
  </datafield>
  <datafield tag="700" ind1=" " ind2=" ">
    <subfield code="a">Elisa Eugenia Gracia, Grijota</subfield>
    <subfield code="1">308971</subfield>
  </datafield>
  <datafield tag="700" ind1=" " ind2=" ">
    <subfield code="0">(orcid)0000-0001-8770-6396</subfield>
    <subfield code="a">María Pilar Gracia, de Rentería</subfield>
    <subfield code="1">537490</subfield>
  </datafield>
  <datafield tag="700" ind1=" " ind2=" ">
    <subfield code="0">(orcid)0000-0002-4389-2622</subfield>
    <subfield code="a">Alejandro Hernández, Trasobares</subfield>
    <subfield code="1">404372</subfield>
  </datafield>
  <datafield tag="700" ind1=" " ind2=" ">
    <subfield code="0">(orcid)0009-0004-9164-3569</subfield>
    <subfield code="a">Natalia Herrero, Tomás</subfield>
    <subfield code="1">419196</subfield>
  </datafield>
  <datafield tag="700" ind1=" " ind2=" ">
    <subfield code="0">(orcid)0000-0002-6389-6858</subfield>
    <subfield code="a">Pablo Jarne, Muñoz</subfield>
    <subfield code="1">534633</subfield>
  </datafield>
  <datafield tag="700" ind1=" " ind2=" ">
    <subfield code="0">(orcid)0000-0002-4277-3760</subfield>
    <subfield code="a">José Manuel Lasierra, Esteban</subfield>
    <subfield code="1">126924</subfield>
  </datafield>
  <datafield tag="700" ind1=" " ind2=" ">
    <subfield code="0">(orcid)0000-0001-5513-1567</subfield>
    <subfield code="a">María Angelina Lázaro, Alquézar</subfield>
    <subfield code="1">141618</subfield>
  </datafield>
  <datafield tag="700" ind1=" " ind2=" ">
    <subfield code="0">(orcid)0000-0002-6140-0660</subfield>
    <subfield code="a">Virginia Luzón, Aguado</subfield>
    <subfield code="1">317320</subfield>
  </datafield>
  <datafield tag="700" ind1=" " ind2=" ">
    <subfield code="0">(orcid)0000-0001-5864-2901</subfield>
    <subfield code="a">Pilar Martín, Hernández</subfield>
    <subfield code="1">379323</subfield>
  </datafield>
  <datafield tag="700" ind1=" " ind2=" ">
    <subfield code="0">(orcid)0000-0003-2672-5301</subfield>
    <subfield code="a">María Angeles Millán, Muñío</subfield>
    <subfield code="1">136707</subfield>
  </datafield>
  <datafield tag="700" ind1=" " ind2=" ">
    <subfield code="0">(orcid)0000-0003-4174-2855</subfield>
    <subfield code="a">José David Moral, Martín</subfield>
    <subfield code="1">835685</subfield>
  </datafield>
  <datafield tag="700" ind1=" " ind2=" ">
    <subfield code="0">(orcid)0000-0003-4821-5396</subfield>
    <subfield code="a">José Ramón Moreno, Fernández</subfield>
    <subfield code="1">111854</subfield>
  </datafield>
  <datafield tag="700" ind1=" " ind2=" ">
    <subfield code="0">(orcid)0000-0002-8330-4338</subfield>
    <subfield code="a">Laura Moya, Santander</subfield>
    <subfield code="1">589460</subfield>
  </datafield>
  <datafield tag="700" ind1=" " ind2=" ">
    <subfield code="0">(orcid)0000-0002-6865-9915</subfield>
    <subfield code="a">Josefina Lucía Murillo, Luna</subfield>
    <subfield code="1">401782</subfield>
  </datafield>
  <datafield tag="700" ind1=" " ind2=" ">
    <subfield code="0">(orcid)0000-0002-2647-2060</subfield>
    <subfield code="a">Maria de la Paz Olaciregui, Rodriguez</subfield>
    <subfield code="1">605455</subfield>
  </datafield>
  <datafield tag="700" ind1=" " ind2=" ">
    <subfield code="0">(orcid)0000-0003-0263-3816</subfield>
    <subfield code="a">María Lourdes Palacios, Mostacero</subfield>
    <subfield code="1">139202</subfield>
  </datafield>
  <datafield tag="700" ind1=" " ind2=" ">
    <subfield code="a">Elena Pascual, Peña</subfield>
    <subfield code="1">446049</subfield>
  </datafield>
  <datafield tag="700" ind1=" " ind2=" ">
    <subfield code="0">(orcid)0000-0001-8386-1233</subfield>
    <subfield code="a">Amalia Raquel Pérez, Nebra</subfield>
    <subfield code="1">863394</subfield>
  </datafield>
  <datafield tag="700" ind1=" " ind2=" ">
    <subfield code="0">(orcid)0000-0003-1824-3732</subfield>
    <subfield code="a">Marina Pérez, Monge</subfield>
    <subfield code="1">136468</subfield>
  </datafield>
  <datafield tag="700" ind1=" " ind2=" ">
    <subfield code="0">(orcid)0000-0001-7017-4311</subfield>
    <subfield code="a">Juan Carlos Ramón-Solans, Prat</subfield>
    <subfield code="1">383627</subfield>
  </datafield>
  <datafield tag="700" ind1=" " ind2=" ">
    <subfield code="0">(orcid)0000-0001-7914-2623</subfield>
    <subfield code="a">Carlos Saenz, Royo</subfield>
    <subfield code="1">328975</subfield>
  </datafield>
  <datafield tag="700" ind1=" " ind2=" ">
    <subfield code="0">(orcid)0000-0001-5977-6688</subfield>
    <subfield code="a">María del Carmen Samper, Blasco</subfield>
    <subfield code="1">117467</subfield>
  </datafield>
  <datafield tag="700" ind1=" " ind2=" ">
    <subfield code="0">(orcid)0000-0003-2249-8463</subfield>
    <subfield code="a">Ignacio Alfonso Sánchez, Medalón</subfield>
    <subfield code="1">143720</subfield>
  </datafield>
  <datafield tag="700" ind1=" " ind2=" ">
    <subfield code="0">(orcid)0000-0003-4098-8212</subfield>
    <subfield code="a">María Belén Sánchez-Valverde, García</subfield>
    <subfield code="1">386781</subfield>
  </datafield>
  <datafield tag="700" ind1=" " ind2=" ">
    <subfield code="0">(orcid)0000-0001-6061-8556</subfield>
    <subfield code="a">Pablo Sanz, de Miguel</subfield>
    <subfield code="1">914004</subfield>
  </datafield>
  <datafield tag="700" ind1=" " ind2=" ">
    <subfield code="0">(orcid)0000-0001-9358-9800</subfield>
    <subfield code="a">Carlos Javier Sanz, Santolaria</subfield>
    <subfield code="1">428126</subfield>
  </datafield>
  <datafield tag="700" ind1=" " ind2=" ">
    <subfield code="0">(orcid)0000-0002-0787-2667</subfield>
    <subfield code="a">Vicente Torres, Sanz</subfield>
    <subfield code="1">526518</subfield>
  </datafield>
  <datafield tag="700" ind1=" " ind2=" ">
    <subfield code="a">Anamaria Ursu,  </subfield>
    <subfield code="1">894622</subfield>
  </datafield>
  <datafield tag="830" ind1=" " ind2=" ">
    <subfield code="9">428</subfield>
  </datafield>
  <datafield tag="856" ind1="4" ind2=" ">
    <subfield code="s">7457</subfield>
    <subfield code="u">http://zaguan.unizar.es/record/158248/files/guia-28554-es.pdf</subfield>
    <subfield code="y">Guía (idioma español)</subfield>
  </datafield>
  <datafield tag="856" ind1="4" ind2=" ">
    <subfield code="s">7553</subfield>
    <subfield code="u">http://zaguan.unizar.es/record/158248/files/guia-28554-en.pdf</subfield>
    <subfield code="y">Guide (english)</subfield>
  </datafield>
  <datafield tag="521" ind1=" " ind2=" ">
    <subfield code="9">138</subfield>
    <subfield code="a">Grado en Relaciones Laborales y Recursos Humanos</subfield>
    <subfield code="b">Degree in Labour Relations and Human Resources</subfield>
  </datafield>
  <datafield tag="980" ind1=" " ind2=" ">
    <subfield code="a">GDOC</subfield>
    <subfield code="b">Ciencias Sociales y Jurídicas</subfield>
    <subfield code="b">Social Sciences and Law</subfield>
    <subfield code="c">108</subfield>
  </datafield>
</record>
</collection>